000 00502nam a2200205 a 4500
999 _c7639
_d7639
001 7639
003 BD-JhCC
005 20180222134230.0
008 180212s2012 bg |||| |||| 000 0 eng d
035 _a(BD-JhCC)
040 _aBD-JhCC
_dBD-JhCC
041 _aeng
082 _a428
_bKHA 2012
100 _aKhan, Saifur Rahman
245 _aS@ifur's Analogy /
_cSaifur Rahman Khan
260 _aDhaka:
_bSaifur's Publication,
_c2012
300 _a279 p;,
_c24cm
650 _aAnalogy
942 _2ddc
_cBK